Warhammer 40k de A à Z - Statistiques

Statistiques générales
  • Ce quiz a été pris 463 fois
  • Le résultat moyen est 12 sur 26
Statistiques - réponses
Lettre Indice Réponse % Correct
B Arme emblématique utilisée par les Space Marines Bolter
92%
F Primarque des Emperor's Children, corrompu par Slaanesh Fulgrim
81%
A Nom de la 20e légion Space Marine Alpha Legion
79%
L Type de tank très répandu dans l'Imperium, ou Primarque des Space Wolves Leman Russ
69%
D Chapitre Space Marine créé par l'Ordo Xenos, spécialisé dans l'extermination des menaces aliens Deathwatch
64%
P Individu capable de manifester des pouvoirs psychiques Psyker
64%
C Sainte apparue sur Cadia durant la 13e Croisade Noire Célestine
57%
U XIIIe légion, dirigée par Roboute Guilliman Ultramarines
57%
K Monde d'origine de la Death Korps Krieg
52%
X Terme désignant toute créature ou civilisation non-humaine Xenos
50%
O Déchirure dans l'univers où le Warp coexiste avec l'espace réel Œil de la Terreur
49%
J Primarque des White Scars Jaghatai Khan
48%
Q Numéro de légion des Thousand Sons Quinze
47%
S Autre nom des membres de l'Adepta Sororitas Sœurs de bataille
46%
W Légion Space Marine renégate, au service de Khorne World Eaters
45%
N Légion traître ayant refusé de se laisser corrompre par le Chaos Night Lords
44%
E Puissante entité qui commande les tyranides Esprit Ruche
42%
M Monde d'origine des Ultramarines Macragge
40%
R Fléau génétique affectant les Blood Angels Rage Noire
38%
T Dieu du Chaos du changement et des intrigues Tzeentch
35%
G Cultes de tyranides chargés de saboter un monde avant une invasion Genestealers
34%
I Monde sur lequel a eu lieu le plus célèbre massacre de l'Hérésie d'Horus Istvaan 5
30%
V Transporteur de troupes standard de l'Astra Militarum Valkyrie
18%
Y Eldar surnommée "la Dame des Ombres" Yvraine
18%
Z Puissant Psyker tyranide Zoanthrope
15%
H Cité-Ruche d'Armageddon, nom porté par la croisade qui correspond à la 3e invasion de la planète Helsreach
12%
Aucun quiz correspondant
Distribution des résultats
% des personnes avec chaque résultat
Percentile par nombre de réponses
Votre historique - résultats
Vous n’avez pas pris ce quiz